U.S. State Capitals Closest to Mexico - Statistics

General Stats
  • This quiz has been taken 42,969 times
  • The average score is 8 of 10
Answer Stats
miles capital % Correct
197 Austin
95%
117 Phoenix
94%
485 Sacramento
88%
272 Santa Fe
81%
481 Baton Rouge
75%
557 Denver
75%
454 Oklahoma City
75%
578 Salt Lake City
69%
482 Carson City
64%
607 Jackson
58%
No matching quizzes found
Score Distribution
Percent of People with Each Score
Percentile by Number Answered
Your Score History
You have not taken this quiz